Shall we tell the President? / (Record no. 448)

MARC details
000 -LEADER
fixed length control field 00418nam a2200145 4500
001 - CONTROL NUMBER
control field 601
005 - DATE AND TIME OF LATEST TRANSACTION
control field 20181127161725.0
008 - FIXED-LENGTH DATA ELEMENTS--GENERAL INFORMATION
fixed length control field 871028r19871985nyub 00011 eng d
020 ## - INTERNATIONAL STANDARD BOOK NUMBER
International Standard Book Number 0671633058 (pbk.)
100 10 - MAIN ENTRY--PERSONAL NAME
Personal name Archer, Jeffrey,
Dates associated with a name 1940-
245 10 - TITLE STATEMENT
Title Shall we tell the President? /
Statement of responsibility, etc. Jeffrey Archer.
260 0# - PUBLICATION, DISTRIBUTION, ETC.
Place of publication, distribution, etc. New York :
Name of publisher, distributor, etc. Pocket Books,
Date of publication, distribution, etc. 2009.
300 ## - PHYSICAL DESCRIPTION
Extent 275 p. :
Dimensions 17 cm.
650 ## - SUBJECT ADDED ENTRY--TOPICAL TERM
Topical term or geographic name entry element Presidents --Fiction.
Form subdivision
General subdivision
Chronological subdivision
Geographic subdivision
Source of heading or term
Holdings
Withdrawn status Lost status Source of classification or shelving scheme Damaged status Not for loan Collection code Home library Current library Shelving location Date acquired Serial Enumeration / chronology Inventory number Total Checkouts Full call number Barcode Date last seen Date last checked out Price effective from Koha item type
    Dewey Decimal Classification     Fiction RTC Library RTC Library Fiction 24/02/2021 1547 2 FIC 813.54 ARC 30000704 09/04/2026 04/02/2026 27/11/2018 Fiction
Royal Thimphu College || All Right Reserved